Teaching and learning the language Classroom / (رقم التسجيلة. 31635)

تفاصيل مارك
000 -الفاتح
حقل البيانات ثابتة الطول 00744nam a2200241 i 4500
001 - رقم الضبط
رقم الضبط 850013
003 - محدد رقم الضبط
رقم الضبط OSt
005 - وقت وتاريخ اخر تعامل مع التسجيلة
رقم الضبط 20150408114146.0
008 - عناصر البيانات ثابتة الطول - معلومات عامة
حقل البيانات ثابتة الطول 790702s1979 maua b 001 0 eng
010 ## - رقم ضبط مكتبة الكونجرس
رقم ضبط مكتبة الكونجرس 78071865
040 ## - مصدر الفهرسة
وكالة الفهرسة الأصلية DLC
وكالة النسخ DLC
وكالة التعديل DLC
050 00 - رقم طلب مكتبة الكونجرس
رقم التصنيف LB1576
رقم المادة .D33
082 00 - رقم تصنيف ديوى العشرى
رقم التصنيف 372.6044
رقم الطبعة 22
رقم المادة HTT
100 1# - المدخل الرئيسى - إسم شخصى
الإسم الشخصى Hedge, Tricia
9 (RLIN) 38750
245 10 - بيان العنوان
العنوان Teaching and learning the language Classroom /
بيان المسئوليه,etc Hedge, Tricia
260 ## - PUBLICATION, DISTRIBUTION, ETC. (IMPRINT)
مكان الناشر او الموزع Boston :
اسم الناشر او الموزع Little, Brown,
تاريخ النشر أو التوزيع c1979.
300 ## - الوصف المادى
التعداد xvii, 538 p. :
تفاصيل ماديه اخرى للوعاء ill. ;
أبعاد الوعاء 25 cm.
500 ## - تبصرة عامة
تبصرة عامة Includes index.
504 ## - تبصرة ببليوجرافية
تبصرة ببليوجرافية,الخ Filmography, discography, and bibliography: p. 485-528.
650 #0 - المدخل الاضافى بالموضوع-مصطلح موضوعى
مصطلح موضوعي أو اسم جغرافي كعنصر مدخل Language arts (Elementary)
9 (RLIN) 38751
906 ## - عنصر بيانات محلى F, LDF (RLIN)
a 7
b cbc
c orignew
d 2
e opcn
f 19
g y-gencatlg
942 ## - عناصر المدخل الإضافي( كوها)
مصدر التصنيف او مخطط الترفيف Dewey Decimal Classification
Koha [default] item type كتاب
المقتنيات
حالة الفقد نموذج السعر الفعال حالة تلف ليس للاعارة رقم الطلب تاريخ الاكتساب الموقع الحالي الباركود الفرع الرئيسي Date last seen نوع المادة فى نظام كوها مصدر التصنيف او خطة الترفيف Total Checkouts
  2013-10-31     372.6044 HTT 2013-10-31 المكتبة المركزية بالمجمعة (CL) 00403120 المكتبة المركزية بالمجمعة (CL) 2013-10-31 كتاب Dewey Decimal Classification  
  2013-10-31     372.6044 HTT 2013-10-31 المكتبة المركزية بالمجمعة (CL) 00403121 المكتبة المركزية بالمجمعة (CL) 2013-10-31 كتاب Dewey Decimal Classification  
  2013-10-31     372.6044 HTT 2013-10-31 المكتبة المركزية بالمجمعة (CL) 00403122 المكتبة المركزية بالمجمعة (CL) 2013-10-31 كتاب Dewey Decimal Classification  
  2013-10-31     372.6044 HTT 2013-10-31 مكتبة مجمع الكليات بالزلفى - طلاب (SZM) 00403123 مكتبة مجمع الكليات بالزلفى - طلاب (SZM) 2013-10-31 كتاب Dewey Decimal Classification  
  2013-10-31     372.6044 HTT 2013-10-31 مكتبة مجمع الكليات بالزلفى - طلاب (SZM) 00403124 مكتبة مجمع الكليات بالزلفى - طلاب (SZM) 2013-10-31 كتاب Dewey Decimal Classification